000 00529nam a2200193Ia 4500
999 _c34594
_d34594
003 OSt
005 20201109103810.0
008 190216s9999||||xx |||||||||||||| ||und||
020 _a9788121914697
040 _coclc
082 _a530.15
_bDAS/M
100 _aDass, H K
_94324
245 0 _aMathematical Physics /
_cH K Dass ; Rama Verma
250 _a6th Ed.
260 _bS. Chand & Co,
_c2012.
_aNew Delhi:
300 _a1379p
650 _aPhysics
942 _cBK
_2ddc
_h530.15
_iDAS/M
_k530.15
_mDAS/M